| 000 | 01276nam a2200229Ia 4500 | ||
|---|---|---|---|
| 003 | Ost | ||
| 005 | 20260507075048.0 | ||
| 008 | 260507s9999||||xx |||||||||||||| ||und|| | ||
| 020 | _a3071119957 | ||
| 040 | _cfsecg | ||
| 041 | _aara | ||
| 082 | _a600 | ||
| 100 |
_aعبيدات، محمد _eمؤلف |
||
| 245 | 0 |
_aبحوث التسويق : _bأساس المراحل والتطبيقات / _c محمد عبيدات |
|
| 260 |
_aعمان: _bدار وائل للنشر, _c2000 |
||
| 300 |
_a340 صفحة؛ _bإيضاحات ؛ _c24 سم |
||
| 520 | _aمقدمة في بحوث التسويق-أساسيات وأنواع وخصائص ومناهج البحث العلمي-أنواع ومصادر الحصول على البيانات-أساليب جمع البيانات-العينات وطرق اختيارها-تصميم استمارة الإستقصاء-البحوث النوعية-مستويات وأنواع القياس والمعايير الفعالة-جمع البيانات-تحليل البيانات احصائيا-اعداد التقرير النهائي-تطبيقات عملية في التسويق وسلوك المستهلك | ||
| 653 | _aالتسويق | ||
| 653 | _aالتسويق- بحوث | ||
| 653 | _aالطرق الإحصائية | ||
| 942 | _cكتاب | ||
| 999 |
_c42602 _d42602 |
||